| 000 | 01339cam a22002054a 4500 | ||
|---|---|---|---|
| 005 | 20250605163222.0 | ||
| 008 | 250528s ||||||||||||||||||||||||d | ||
| 035 | _a14723 | ||
| 020 | _a9603441430 | ||
| 040 |
_aGR-AtMCL _bgre _dGR-AtMCL _eAACR2 |
||
| 245 | 1 | _aΟργανωτική - Βιομηχανική Ψυχολογία / Διεργασίες ομάδας - Σύγκρουση - Ανάπτυξη και αλλαγή - Κουλτούρα - Επαγγελματικό άγχος: Μέρος 3ο | |
| 250 | _a2η | ||
| 260 |
_bΕλληνικά Γράμματα, _c1995 |
||
| 300 | _a128 | ||
| 520 | _aΟ τρίτος τόμος του Α. Κάντα αναφέρεται κυρίως σε θέματα ψυχολογίας των οργανώσεων. Η Δυναμική και οι Διεργασίες της Ομάδας στο Χώρο Εργασίας, Η Σύγκρουση στους Οργανισμούς, Η Επικοινωνία στις Οργανώσεις, Οργανωτική Αλλάγή και Ανάπτυξη, Οργανωτική Κουλτούρα, Επαγγελματικό Άγχος και Επαγγελματική Εξουθένωση, Βιβλιογραφία, Ευρετήριο Όρων. | ||
| 700 | 1 | _aΚάντας Αριστοτέλης | |
| 942 | _cBK | ||
| 999 |
_c344 _d344 |
||